Magyar feltalálók a távközlés történetében

Bibliographic Details
Main Author: Bödők, Zsigmond, 1957-2010 (Author)
Format: Book
Language:Hungarian
PhysicalDescription:131 s. fotogr., sch. 21 cm
Published: Dunaszerdahely NAP 2005
ISBN:8089032648
Edition:[1. kiad.]
Series:Magyar talentum
Subjects:

MARC

LEADER 00000nam a2200000 a 4500
001 vtls008306129
003 SK-MaSNL
005 20260301223637.0
008 240318s2005 xo ol g 000 0chun
015 |a SNBA2005/12-05042 
020 |a 8089032648  |q (brož.)  |c 129,00 Sk 
035 |a DBB248F0-23EA-499E-B85A-12FD30EFC105 
035 |a urn:nbn:sk:snk-amkyu1 
035 |a urn:nbn:sk:snk-am008pp1 
040 |a SNK  |b slo  |c SNK  |e AACR2 
041 0 |a hun 
043 |a e-hu--- 
044 |a xo  |c SK 
072 7 |a 929  |x Biografie  |2 konspekt 
072 7 |a 621.39  |x Telekomunikácie  |2 konspekt 
080 |a 621.39  |2 MDT-MRF 
080 |a (439)  |2 MDT-MRF 
080 |a (048.8)  |2 MDT-MRF 
080 |a (092)  |2 MDT-MRF 
080 |a 001.894-051  |2 MDT-MRF 
100 1 |a Bödők, Zsigmond,  |d 1957-2010  |4 aut  |9 186223 
245 1 0 |a Magyar feltalálók a távközlés történetében  |c Bödők Zsigmond 
250 |a [1. kiad.] 
260 |a Dunaszerdahely  |b NAP  |c 2005 
300 |a 131 s.  |b fotogr., sch.  |c 21 cm 
490 1 |a Magyar talentum 
504 |a Bibliogr. s. 131 
650 0 7 |a objavitelia a vynálezcovia  |z Maďarsko  |2 SNKPH  |9 69602 
650 0 7 |a telekomunikácie  |x dejiny  |z Maďarsko  |2 SNKPH  |9 614819 
650 0 7 |a biografia  |2 SNKPH  |9 71085 
650 0 7 |a prehľady  |2 SNKPH  |9 320308 
752 |a Slovensko  |d Dunajská Streda 
830 0 |a Magyar talentum  |9 317710 
919 |a 80-89032-64-8 
958 |a OND 
968 |d 0 
999 |c 944367  |d 946297 
952 |a SNK  |b SNK  |y PREZ  |7 0  |p 17A0487320  |o snkSC 121597  |i snk2005/18082  |8 0  |0 0  |1 0  |4 0  |d 2005-10-28  |f 1  |l 0  |r 2025-06-02 00:00:00  |w 2026-02-24 
952 |a SNK  |b SNK  |y VYP  |7 0  |p 17A0487319  |o snkSC 121597 D1  |i snk2005/18083  |8 0  |0 0  |1 0  |4 0  |d 2005-10-28  |l 0  |r 2026-02-24 09:29:20  |w 2026-02-24